| 000 | 05107cam a2200565 a 4500 | ||
|---|---|---|---|
| 001 | 6156837 | ||
| 003 | OSt | ||
| 005 | 20150408114148.0 | ||
| 008 | 061212s2007 nyua b 001 0 eng | ||
| 016 | 7 |
_a101296137 _2DNLM |
|
| 020 | _a0071443134 (alk. paper) | ||
| 020 | _a9780071443135 (alk. paper) | ||
| 035 | _a(OCoLC)ocm76954537 | ||
| 035 | _a(OCoLC)76954537 | ||
| 035 | _a(NNC)6156837 | ||
| 040 |
_aNLM _cNLM _dNEH _dBAKER _dYDXCP _dCUS _dOrLoB-B |
||
| 042 | _anlmcopyc | ||
| 043 | _an-us--- | ||
| 050 | 0 | 0 | _aRC963 |
| 060 | 0 | 0 | _a2006 O-325 |
| 060 | 1 | 0 |
_aWA 440 _bC976 2007 |
| 082 | 0 | 4 |
_a616.9803 _222 _bCUO |
| 084 |
_a44.11 _2bcl |
||
| 245 | 0 | 0 |
_aCurrent occupational & environmental medicine / _cedited by Joseph LaDou. |
| 246 | 3 | _aCurrent occupational and environmental medicine | |
| 246 | 3 | 0 | _aOccupational & environmental medicine |
| 250 | _a4th ed. | ||
| 260 |
_aNew York : _bMcGraw-Hill, _cc2007. |
||
| 300 |
_axiv, 846 p. : _bill. ; _c24 cm. |
||
| 490 | 1 | _aLange medical book | |
| 490 | 1 | _aDoody Core title list | |
| 500 | _a"A Lange medical book." | ||
| 504 | _aIncludes bibliographical references and index. | ||
| 505 | 0 | 0 |
_g1. _tThe practice of occupational medicine / _rJoseph LaDou -- _g2. _tThe occupational medical history / _rJames E. Cone and Joseph LaDou -- _g3. _tWorkers' compensation / _rJoseph LaDou and Julietta Rodriguez-Guzman -- _g4. _tDisability prevention & management / _rGideon Letz, Jennifer H. Christian and Susan N. Tierman -- _g5. _tLiability issues in occupational medicine / _rDan J. Tennenhouse -- _g6. _tMusculoskeletal injuries / _rFranklin T. Hoaglund -- _g7. _tPeripheral nerve injuries / _rYuen T. So -- _g8. _tEye injuries / _rAllan J. Flach -- _g9. _tFacial injuries / _rAndrew H. Murr -- _g10. _tHearing loss / _rJacob Johnson and Scott T. Robinson -- _g11. _tInjuries caused by physical hazards / _rRichard Cohen and Seichi Horie -- _g12. _tErgonomics & the prevention of occupational injuries / _rDavid M. Rempel and Ira L. Janowitz -- _g13. _tClinical toxicology / _rJon Rosenberg and Leslie M. Israel -- _g14. _tClinical immunology / _rJeffrey L. Kishiyama -- _g15. _tOccupational hematology / _rWillis H. Navarro and Hope S. Rugo -- _g16. _tOccupational cancer / _rHope S. Rugo -- _g17. _tOccupational infections / _rKen Takahashi and Gary R. Fujimoto -- _g18. _tOccupational skin disorders / _rMahbub M. U. Chowdhury and Howard I. Maibach -- _g19. _tUpper respiratory tract disorders / _rDennis Shusterman -- _g20. _tOccupational lung diseases / _rJohn R. Balmes -- _g21. _tCardiovascular toxicology / _rNeal L. Benowitz -- _g22. _tLiver toxicology / _rRobert J. Harrison -- _g23. _tRenal toxicology / _rRudolph A. Rodriguez and German T. Hernandez -- _g24. _tNeurotoxicology / _rYuen T. So -- _g25. _tFemale reproductive toxicology / _rGayle C. Windham and Ana Maria Osorio -- _g26. _tMale reproductive toxicology / _rAna Maria Osorio and Gayle C. Windham -- _g27. _tMetals / _rRichard Lewis -- _g28. _tChemicals / _rRobert J. Harrison -- _g29. _tSolvents / _rJon Rosenberg and Elizabeth A. Katz -- _g30. _tGases & other airborne toxicants / _rWare G. Kuschner and Paul D. Blanc -- _g31. _tPesticides / _rMichael A. O'Malley -- _g32. _tOccupational stress / _rJames P. Seward and Robert C. Larsen -- _g33. _tSubstance abuse & employee assistance programs / _rStephen Heidel -- _g34. _tOccupational safety / _rFranklyn G. Prieskop -- _g35. _tIndustrial (occupational) hygiene / _rDouglas P. Fowler -- _g36. _tBiological monitoring / _rRaymond K. Meister and Yuxin Zheng -- _g37. _tEnvironmental exposures & controls / _rGina M. Solomon, Joseph LaDou and Catharina Wesseling -- _g38. _tRoutine industrial emissions, accidental & intentional releases, & hazardous waste / _rRupali Das, Melanie A. Marty and Marilyn C. Underwood -- _g39. _tOutdoor air pollution / _rJohn R. Balmes -- _g40. _tSmoking & occupational health / _rNeal L. Benowitz and Fu Hua -- _g41. _tBuilding-associated illness / _rMichael L. Fischman -- _g42. _tWater pollution / _rDaniel T. Teitelbaum and Tushar Kant Joshi -- _g43. _tMultiple chemical sensitivity / _rRobert J. Harrison -- _g44. _tDisease surveillance systems / _rAna Maria Osorio and Peggy Reynolds -- _g45. _tHealth risk assessment / _rMichael J. DiBartolomeis -- _gApp. _tBiostatistics & epidemiology / _rMarc B. Schenker. |
| 650 | 0 |
_aMedicine, Industrial. _939110 |
|
| 650 | 0 |
_aEnvironmental health. _939111 |
|
| 650 | 0 | _aOccupational diseases. | |
| 650 | 1 | 2 |
_aOccupational Diseases _xprevention & control _zUnited States. _918343 |
| 650 | 2 | 2 |
_aEnvironmental Health _zUnited States. _939112 |
| 650 | 2 | 2 |
_aOccupational Health _zUnited States. _918341 |
| 650 | 2 | 2 |
_aOccupational Medicine _zUnited States. _939113 |
| 700 | 1 |
_aLaDou, Joseph, _d1938- _939114 |
|
| 830 | 0 |
_aLange medical book. _938780 |
|
| 830 | 0 |
_aDoody Core title list. _939115 |
|
| 856 | 4 | 2 |
_3Publisher description _uhttp://www.loc.gov/catdir/description/mh051/2004561124.html |
| 856 | 4 | 2 |
_3Contributor biographical information _uhttp://www.loc.gov/catdir/bios/mh051/2004561124.html |
| 856 | 4 | 1 |
_3Table of contents _uhttp://www.loc.gov/catdir/toc/mh051/2004561124.html |
| 900 | _bTOC | ||
| 942 |
_2ddc _cBOOK |
||
| 999 |
_c31767 _d266267 |
||